|
|
|
|
| LEADER |
00695 a2200169 4500 |
| 020 |
|
|
|a 9789350563816
|
| 082 |
|
|
|a 025.313 2
|b Q32
|
| 100 |
|
|
|a Bipin A Patel
|9 19179
|
| 245 |
|
|
|a Online cataloguing and library networking/
|c Bipin A Patel
|
| 260 |
|
|
|a New Delhi:
|b Discovery Publishing House Pvt. Ltd.,
|c 2013.
|
| 300 |
|
|
|a ix,298p.
|
| 504 |
|
|
|a Includes bibliographical references and index.
|
| 650 |
|
|
|a Online catalogs.
|9 19180
|
| 650 |
|
|
|a Library information networks.
|9 19626
|
| 942 |
|
|
|c BK
|
| 999 |
|
|
|c 63194
|d 63194
|
| 952 |
|
|
|0 0
|1 0
|4 0
|6 025_313000000000000_2_Q32
|7 0
|9 55029
|a MGUL
|b MGUL
|c GEN
|d 2014-02-26
|e Arunima books bill no 200 dated 26/02/2014
|g 925.00
|l 1
|o 025.313 2 Q32
|p 51335
|r 2015-10-14
|s 2015-09-28
|y BK
|